| 000 -LEADER |
| fixed length control field |
00462cam a22001337a 4500 |
| 008 - FIXED-LENGTH DATA ELEMENTS--GENERAL INFORMATION |
| fixed length control field |
180718b1948 xxu||||| |||| 00| 0 eng d |
| 082 ## - DEWEY DECIMAL CLASSIFICATION NUMBER |
| Classification number |
C0x54072 M291 |
| 100 ## - MAIN ENTRY--PERSONAL NAME |
| Personal name |
Malviya, Madan Mohan |
| 245 ## - TITLE STATEMENT |
| Title |
A criticism of Montagu-Chelmsford proposals of Indian constitutional reform |
| Statement of responsibility, etc. |
by Madan Mohan Malviya |
| 260 ## - PUBLICATION, DISTRIBUTION, ETC. |
| Place of publication, distribution, etc. |
Allahabad |
| Name of publisher, distributor, etc. |
Leader Press |
| Date of publication, distribution, etc. |
1948 |
| 300 ## - PHYSICAL DESCRIPTION |
| Extent |
65p. |
| 650 ## - SUBJECT ADDED ENTRY--TOPICAL TERM |
| Topical term or geographic name entry element |
Montagu - Chellmsford Report |
| 650 ## - SUBJECT ADDED ENTRY--TOPICAL TERM |
| Topical term or geographic name entry element |
Constitutional History - India- 1909-1918 |